[Event "Tradewise Gibraltar Master 2015"]
[Site "Gibraltar ENG"]
[Date "2015.02.02"]
[Round "7.22"]
[White "Nabaty, Tamir"]
[Black "Neelotpal, Das"]
[Result "1-0"]
[WhiteElo "2579"]
[BlackElo "2437"]
[PlyCount "101"]
[EventDate "2015.01.27"]
[EventType "swiss"]
[EventRounds "10"]
[EventCountry "ENG"]
[Source "lmi"]
[SourceDate "2015.01.27"]

1. c4 Nf6 2. Nc3 e5 3. Nf3 Nc6 4. g3 Bb4 5. Nd5 e4 6. Nh4 O-O 7. Bg2 Re8 8. O-O
h6 9. f3 exf3 10. Bxf3 Nxd5 11. Bxd5 Ne5 12. d4 c6 13. Bg2 Ng4 14. e4 d6 15. a3
Ba5 16. b4 Bb6 17. Ra2 Be6 18. Rc2 c5 19. bxc5 dxc5 20. d5 Bd7 21. Nf5 Bxf5 22.
exf5 Ne3 23. Bxe3 Rxe3 24. f6 g6 25. Re2 Rxe2 26. Qxe2 Bc7 27. Be4 Be5 28. Bxg6
Bd4+ 29. Kg2 fxg6 30. Qe6+ Kh8 31. f7 Qf8 32. Qxg6 Qg7 33. Qe6 Rf8 34. d6 Qg5
35. Rf4 Bg7 36. d7 a6 37. Rf5 Qd2+ 38. Kh3 Qd3 39. Kg2 Qd2+ 40. Kh3 Qd3 41. a4
b5 42. cxb5 axb5 43. axb5 c4 44. b6 c3 45. Qd5 Qxd5 46. Rxd5 c2 47. Rc5 Bd4 48.
Rc8 c1=Q 49. Rxf8+ Kg7 50. Rg8+ Kxf7 51. Rf8+ 1-0

[Event "Tradewise Gibraltar Master 2015"]
[Site "Gibraltar ENG"]
[Date "2015.02.02"]
[Round "7.23"]
[White "Felgaer, Ruben"]
[Black "Kuipers, Stefan"]
[Result "1/2-1/2"]
[WhiteElo "2575"]
[BlackElo "2390"]
[PlyCount "82"]
[EventDate "2015.01.27"]
[EventType "swiss"]
[EventRounds "10"]
[EventCountry "ENG"]
[Source "lmi"]
[SourceDate "2015.01.27"]

1. e4 d6 2. d4 Nf6 3. Nc3 e5 4. Nf3 Nbd7 5. Bc4 Be7 6. a4 O-O 7. O-O a5 8. Ba2
c6 9. h3 exd4 10. Nxd4 Nc5 11. Qf3 Be6 12. Be3 Bxa2 13. Rxa2 g6 14. Rd1 Nfd7
15. Qg3 Bf6 16. Bh6 Re8 17. Nf5 Nxe4 18. Nxe4 Rxe4 19. Nxd6 Re6 20. Raa1 Be5
21. Bf4 Qf6 22. Bxe5 Nxe5 23. Ne4 Qf5 24. f3 Kg7 25. b3 Re7 26. Rd2 Nd7 27.
Rad1 Nf6 28. Nd6 Qc5+ 29. Kh1 b5 30. axb5 cxb5 31. Rd4 a4 32. b4 Qe5 33. f4 Qh5
34. Qc3 Qe2 35. R4d2 Qe3 36. Qc6 Rb8 37. Rd3 Qf2 38. Rf3 Qe2 39. c4 bxc4 40.
Nxc4 Qe6 41. Nd6 Ne4 1/2-1/2

[Event "Tradewise Gibraltar Master 2015"]
[Site "Gibraltar ENG"]
[Date "2015.02.02"]
[Round "7.25"]
[White "Sandipan, Chanda"]
[Black "Padmini, Rout"]
[Result "0-1"]
[WhiteElo "2574"]
[BlackElo "2388"]
[PlyCount "98"]
[EventDate "2015.01.27"]
[EventType "swiss"]
[EventRounds "10"]
[EventCountry "ENG"]
[Source "lmi"]
[SourceDate "2015.01.27"]

1. d4 Nf6 2. c4 g6 3. Nc3 d5 4. Nf3 Bg7 5. Qb3 dxc4 6. Qxc4 O-O 7. e4 Nc6 8.
Be2 Bg4 9. d5 Ne5 10. Qb4 Bxf3 11. Bxf3 c6 12. O-O Nfd7 13. Be3 cxd5 14. Nxd5
e6 15. Nc3 Nc6 16. Qa3 Nde5 17. Be2 Qa5 18. Qxa5 Nxa5 19. b3 Nec4 20. bxc4 Bxc3
21. Rac1 Bf6 22. Rb1 Rfd8 23. Rfc1 Bd4 24. Bf4 e5 25. Bg5 Rd7 26. Rb5 b6 27.
Rd5 Rc7 28. Bf6 Re8 29. g4 Nb7 30. c5 Nxc5 31. Bb5 Rec8 32. Bd8 Bxf2+ 33. Kxf2
Nxe4+ 34. Kf3 Rxc1 35. Kxe4 Re1+ 36. Kf3 Rc5 37. Rxc5 bxc5 38. g5 Ra1 39. Bf6
Rxa2 40. Bxe5 a5 41. Ke4 a4 42. Kd5 a3 43. h4 Rg2 44. Kd6 Rg4 45. Bc6 a2 46.
Ke7 Rf4 47. Bxf4 a1=Q 48. Bd5 Qa7+ 49. Kd8 c4 0-1

[Event "Tradewise Gibraltar Master 2015"]
[Site "Gibraltar ENG"]
[Date "2015.02.02"]
[Round "7.26"]
[White "Vishnu, Prasanna. V"]
[Black "Stefansson, Hannes"]
[Result "1-0"]
[WhiteElo "2463"]
[BlackElo "2573"]
[PlyCount "47"]
[EventDate "2015.01.27"]
[EventType "swiss"]
[EventRounds "10"]
[EventCountry "ENG"]
[Source "lmi"]
[SourceDate "2015.01.27"]

1. e4 e5 2. Nf3 Nc6 3. Bb5 a6 4. Ba4 Nf6 5. O-O Bc5 6. Nc3 b5 7. Bb3 d6 8. Nd5
Bg4 9. c3 Nxe4 10. d4 Ba7 11. Re1 Nf6 12. h3 Nxd5 13. Bxd5 Bd7 14. dxe5 O-O 15.
Ng5 h6 16. Qh5 Qe8 17. Nf3 Qe7 18. Bxh6 dxe5 19. Bxc6 Bxc6 20. Bxg7 Kxg7 21.
Rxe5 Qd6 22. Rg5+ Kf6 23. Re1 Rh8 24. Rf5+ 1-0

[Event "Tradewise Gibraltar Master 2015"]
[Site "Gibraltar ENG"]
[Date "2015.02.02"]
[Round "7.27"]
[White "Bok, Benjamin"]
[Black "Christiansen, Johan-Sebastian"]
[Result "1-0"]
[WhiteElo "2572"]
[BlackElo "2354"]
[PlyCount "89"]
[EventDate "2015.01.27"]
[EventType "swiss"]
[EventRounds "10"]
[EventCountry "ENG"]
[Source "lmi"]
[SourceDate "2015.01.27"]

1. c4 e5 2. g3 Nf6 3. Bg2 c6 4. Nf3 e4 5. Nd4 d5 6. d3 Qb6 7. dxe4 Bc5 8. e3
dxe4 9. Nc3 O-O 10. Nb3 Bb4 11. Bd2 Bf5 12. Qc2 Re8 13. h3 h6 14. O-O-O Nbd7
15. Rhg1 a5 16. g4 Bg6 17. Na4 Qc7 18. c5 Ne5 19. Kb1 Nd3 20. Bc1 Qh2 21. Bh1
Nd5 22. a3 b5 23. cxb6 Bf8 24. f4 Qxh3 25. f5 Bh7 26. b7 Rab8 27. Qxc6 Nxe3 28.
Bxe3 Qxe3 29. Nxa5 h5 30. Qb6 Qxb6 31. Nxb6 Bc5 32. Nd7 Bxg1 33. Nxb8 Bb6 34.
Nbc6 e3 35. Bf3 Nf2 36. Rd5 hxg4 37. Re5 Bxf5+ 38. Rxf5 gxf3 39. Re5 Rb8 40.
Nxb8 e2 41. Nbc6 Bc7 42. Re8+ Kh7 43. Nd4 Ne4 44. Nxf3 f5 45. Nb3 1-0

[Event "Tradewise Gibraltar Master 2015"]
[Site "Gibraltar ENG"]
[Date "2015.02.02"]
[Round "7.29"]
[White "Spraggett, Kevin"]
[Black "Codenotti, Marco"]
[Result "1-0"]
[WhiteElo "2538"]
[BlackElo "2374"]
[PlyCount "93"]
[EventDate "2015.01.27"]
[EventType "swiss"]
[EventRounds "10"]
[EventCountry "ENG"]
[Source "lmi"]
[SourceDate "2015.01.27"]

1. Nf3 Nf6 2. c4 c6 3. Nc3 d5 4. d4 dxc4 5. a4 a5 6. e4 Bg4 7. Bxc4 e6 8. Be3
Bb4 9. Qc2 Bxf3 10. gxf3 Nbd7 11. O-O e5 12. Ne2 Nh5 13. Ng3 Qh4 14. d5 O-O 15.
dxc6 bxc6 16. Rfd1 Nxg3 17. hxg3 Qe7 18. Rac1 Rfd8 19. Bf1 Rac8 20. Bh3 Rc7 21.
Rd3 Rb8 22. Rcd1 Nc5 23. Rd6 Ne6 24. Rxc6 Rxc6 25. Qxc6 Nd4 26. Bxd4 Rd8 27.
Bf1 Rxd4 28. Rxd4 exd4 29. Bc4 g6 30. Qd5 Qa7 31. e5 Kg7 32. f4 Bc5 33. e6 fxe6
34. Qe5+ Kf8 35. Qh8+ Kf7 36. Qxh7+ Kf6 37. Qh8+ Kf7 38. Qe5 Qb6 39. Bd3 Qb3
40. Qe4 Qd1+ 41. Kg2 Qh5 42. f3 Bd6 43. g4 Qh6 44. g5 Qg7 45. Bc4 Qf8 46. Qxe6+
Kg7 47. f5 1-0

[Event "Tradewise Gibraltar Master 2015"]
[Site "Gibraltar ENG"]
[Date "2015.02.02"]
[Round "7.30"]
[White "Nakar, Eylon"]
[Black "Rasmussen, Allan Stig"]
[Result "1-0"]
[WhiteElo "2419"]
[BlackElo "2526"]
[PlyCount "95"]
[EventDate "2015.01.27"]
[EventType "swiss"]
[EventRounds "10"]
[EventCountry "ENG"]
[Source "lmi"]
[SourceDate "2015.01.27"]

1. e4 e5 2. Nf3 Nc6 3. Bb5 a6 4. Ba4 Nge7 5. c3 g6 6. d4 exd4 7. cxd4 b5 8. Bc2
Bg7 9. d5 Na5 10. Bd2 c5 11. Bc3 O-O 12. O-O d6 13. b3 Bd7 14. Re1 f6 15. Nbd2
Qc7 16. Rc1 Nb7 17. Nf1 Rae8 18. Ne3 Nc8 19. h4 Qd8 20. Qd3 Nb6 21. Qd2 Bh6 22.
h5 gxh5 23. Qd3 c4 24. bxc4 Nc5 25. Qd4 Nxc4 26. Nxc4 bxc4 27. Rb1 Qc7 28. Qxc4
Rc8 29. Ba1 Bb5 30. Qd4 Qa5 31. e5 Nd7 32. Qe4 f5 33. Qd4 Bg7 34. Qd1 dxe5 35.
Nxe5 Nxe5 36. Bxe5 Bxe5 37. Rxe5 Qc3 38. Rxf5 Qxc2 39. Rg5+ Kf7 40. Qf3+ Ke7
41. Re1+ Kd6 42. Qg3+ Kc5 43. Qa3+ Kb6 44. Re6+ Bc6 45. Qb4+ Ka7 46. Rg7+ Ka8
47. Rxc6 Qxf2+ 48. Kh2 1-0

[Event "Tradewise Gibraltar Master 2015"]
[Site "Gibraltar ENG"]
[Date "2015.02.02"]
[Round "7.31"]
[White "Zude, Arno"]
[Black "Xu, Jun"]
[Result "0-1"]
[WhiteElo "2377"]
[BlackElo "2523"]
[PlyCount "82"]
[EventDate "2015.01.27"]
[EventType "swiss"]
[EventRounds "10"]
[EventCountry "ENG"]
[Source "lmi"]
[SourceDate "2015.01.27"]

1. e4 c5 2. Nf3 d6 3. d4 cxd4 4. Nxd4 Nf6 5. Nc3 Nc6 6. Be2 g6 7. O-O Bg7 8.
Nb3 O-O 9. Bg5 Be6 10. f4 b5 11. Bf3 b4 12. Nd5 a5 13. Bxf6 exf6 14. f5 Bxd5
15. exd5 Ne5 16. Kh1 Re8 17. Nd4 Qc8 18. Re1 Qc5 19. Nb3 Qc7 20. Be4 Nc4 21.
Qd4 Re5 22. Bd3 Nb6 23. a3 bxa3 24. bxa3 Rxd5 25. Qf2 Re5 26. h4 Rae8 27. Nxa5
Qc3 28. Reb1 Qxa5 29. Rxb6 Bh6 30. Rb4 Be3 31. Qf3 Bc5 32. Rf4 Re1+ 33. Rxe1
Qxe1+ 34. Bf1 Re3 35. Qa8+ Kg7 36. h5 gxh5 37. Qd5 Rxa3 38. Qe4 Re3 39. Qc4 Qg3
40. Bd3 d5 41. Qa4 Bd6 0-1

[Event "Tradewise Gibraltar Master 2015"]
[Site "Gibraltar ENG"]
[Date "2015.02.02"]
[Round "7.32"]
[White "Soumya, Swaminathan"]
[Black "Popilski, Gil"]
[Result "0-1"]
[WhiteElo "2346"]
[BlackElo "2522"]
[PlyCount "80"]
[EventDate "2015.01.27"]
[EventType "swiss"]
[EventRounds "10"]
[EventCountry "ENG"]
[Source "lmi"]
[SourceDate "2015.01.27"]

1. e4 e5 2. Nf3 Nc6 3. d4 exd4 4. Nxd4 Nf6 5. Nxc6 bxc6 6. e5 Qe7 7. Qe2 Nd5 8.
c4 Ba6 9. Nd2 g6 10. b3 Bg7 11. Bb2 Nb4 12. Nf3 c5 13. g3 O-O 14. Bg2 Rae8 15.
O-O d6 16. Rfe1 Nc6 17. Bc3 dxe5 18. Qb2 Qd6 19. Ng5 Nd4 20. Ne4 Qb6 21. Qd2
Bb7 22. b4 Rd8 23. bxc5 Qa6 24. Qb2 Bc6 25. Rad1 h6 26. f4 Qxc4 27. Bxd4 exd4
28. Qa3 d3 29. Nf6+ Bxf6 30. Bxc6 Bd4+ 31. Kh1 Bxc5 32. Qb3 Qd4 33. Be4 d2 34.
Re2 Kg7 35. Kg2 Rfe8 36. Qc2 f5 37. Rexd2 Qxe4+ 38. Qxe4 Rxd2+ 39. Rxd2 fxe4
40. Rd7+ Re7 0-1

[Event "Tradewise Gibraltar Master 2015"]
[Site "Gibraltar ENG"]
[Date "2015.02.02"]
[Round "7.34"]
[White "Dragnev, Valentin"]
[Black "Al-Sayed, Mohammed"]
[Result "1-0"]
[WhiteElo "2344"]
[BlackElo "2516"]
[PlyCount "89"]
[EventDate "2015.01.27"]
[EventType "swiss"]
[EventRounds "10"]
[EventCountry "ENG"]
[Source "lmi"]
[SourceDate "2015.01.27"]

1. e4 c5 2. Ne2 d6 3. c4 g6 4. Nbc3 Bg7 5. d4 Qa5 6. d5 Nd7 7. f4 b5 8. cxb5 a6
9. bxa6 Bxa6 10. Bd2 Ngf6 11. Ng3 Bxf1 12. Nxf1 O-O 13. Ne3 Rfb8 14. O-O Qb4
15. Nc2 Qc4 16. b3 Qa6 17. Rb1 Ne8 18. a4 Nc7 19. Kh1 Nb6 20. Qf3 Qc8 21. Ne3
Na6 22. e5 Nb4 23. f5 dxe5 24. fxg6 fxg6 25. Ne4 Kh8 26. Ng5 Qd7 27. Ng4 Rf8
28. Nf7+ Rxf7 29. Qxf7 Qxg4 30. Qxe7 N6xd5 31. Qxc5 Rc8 32. Qd6 h5 33. h3 Qd4
34. Bxb4 Nxb4 35. Qxg6 Nd3 36. Qxh5+ Kg8 37. Qf7+ Kh8 38. Rf5 Qe3 39. Rh5+ Bh6
40. Qf6+ Kh7 41. Qf5+ Kg7 42. Qd7+ Kg6 43. Rxh6+ Kxh6 44. Qxc8 e4 45. Qf8+ 1-0

[Event "Tradewise Gibraltar Master 2015"]
[Site "Gibraltar ENG"]
[Date "2015.02.02"]
[Round "7.35"]
[White "Jones, Gawain C B"]
[Black "Watson, John L"]
[Result "0-1"]
[WhiteElo "2671"]
[BlackElo "2319"]
[PlyCount "88"]
[EventDate "2015.01.27"]
[EventType "swiss"]
[EventRounds "10"]
[EventCountry "ENG"]
[Source "lmi"]
[SourceDate "2015.01.27"]

1. c4 Nf6 2. Nc3 g6 3. d4 Bg7 4. e4 d6 5. f3 O-O 6. Be3 Nc6 7. Nge2 a6 8. Qd2
Rb8 9. Rc1 Bd7 10. Nd1 Re8 11. Nf2 b5 12. cxb5 axb5 13. g3 e5 14. d5 Ne7 15.
Bg2 c6 16. dxc6 Bxc6 17. O-O d5 18. Rfd1 Qd7 19. Bc5 Qb7 20. Qb4 Nc8 21. Rc2
dxe4 22. fxe4 Bh6 23. Nc3 Nb6 24. b3 Nbd7 25. Bd6 Rbc8 26. Re2 Qb6 27. Rd3 Ng4
28. Ncd1 Ba8 29. Bh3 Nxf2 30. Nxf2 Rc1+ 31. Kg2 f5 32. Be7 Qe6 33. Bd6 Nf6 34.
Rf3 Qf7 35. Qxb5 fxe4 36. Nxe4 Nxe4 37. Qd7 Qxf3+ 38. Kxf3 Nf6+ 39. Kf2 Nxd7
40. Bxd7 Bf8 41. Bxe8 Bxd6 42. b4 Rh1 43. Ke3 Bxb4 44. Rc2 Bd5 0-1

[Event "Tradewise Gibraltar Master 2015"]
[Site "Gibraltar ENG"]
[Date "2015.02.02"]
[Round "7.36"]
[White "Nagy, Gabor"]
[Black "Bartel, Mateusz"]
[Result "0-1"]
[WhiteElo "2410"]
[BlackElo "2631"]
[PlyCount "106"]
[EventDate "2015.01.27"]
[EventType "swiss"]
[EventRounds "10"]
[EventCountry "ENG"]
[Source "lmi"]
[SourceDate "2015.01.27"]

1. e4 e5 2. Nf3 Nc6 3. Be2 g6 4. c3 Bg7 5. d4 d6 6. dxe5 dxe5 7. Qxd8+ Nxd8 8.
Na3 a6 9. Nc4 f6 10. a4 Ne6 11. Be3 Ne7 12. O-O Bd7 13. b4 Kf7 14. Bd1 b5 15.
Na5 Nc6 16. Nb7 Rhb8 17. axb5 axb5 18. Rxa8 Rxa8 19. Bb3 Ke8 20. Nc5 Nxc5 21.
Bxc5 Bf8 22. Be3 Bd6 23. Rc1 Nd8 24. Nd2 Ne6 25. Kf1 Ke7 26. Ke2 Nf4+ 27. Bxf4
exf4 28. Nf3 Ra3 29. Rb1 h5 30. Kd3 g5 31. Nd4 Be5 32. Nf5+ Bxf5 33. exf5 f3
34. g3 g4 35. Kc2 c6 36. Rh1 Bc7 37. Re1+ Be5 38. Rh1 Ra8 39. h4 c5 40. bxc5
Rc8 41. c4 Rxc5 42. Kd3 b4 43. Rc1 Bc3 44. Rc2 Rxf5 45. Ra2 Re5 46. Ra7+ Kd8
47. Rh7 Be1 48. Rh8+ Ke7 49. Rh7+ Kd6 50. Rf7 Bxf2 51. c5+ Rxc5 52. Rxf6+ Ke5
53. Re6+ Kf5 0-1

[Event "Tradewise Gibraltar Master 2015"]
[Site "Gibraltar ENG"]
[Date "2015.02.02"]
[Round "7.37"]
[White "Salem, A.R. Saleh"]
[Black "Foisor, Cristina-Adela"]
[Result "1-0"]
[WhiteElo "2603"]
[BlackElo "2390"]
[PlyCount "105"]
[EventDate "2015.01.27"]
[EventType "swiss"]
[EventRounds "10"]
[EventCountry "ENG"]
[Source "lmi"]
[SourceDate "2015.01.27"]

1. d4 g6 2. e4 c6 3. h4 d5 4. e5 h5 5. Nc3 Nh6 6. Bf4 a5 7. Bd2 a4 8. Nf3 Qa5
9. Bd3 Na6 10. O-O Nc7 11. b3 axb3 12. cxb3 Bf5 13. b4 Qa3 14. Rb1 Ne6 15. Rb3
Qa7 16. Be3 Bxd3 17. Qxd3 Nf5 18. Nxd5 Bg7 19. Nc3 O-O 20. Qe4 Rfd8 21. Rd1 Rd7
22. g4 hxg4 23. Qxg4 Rad8 24. h5 Nexd4 25. Nxd4 Rxd4 26. Bxd4 Rxd4 27. Rxd4
Qxd4 28. Qxd4 Nxd4 29. Ra3 gxh5 30. Ra8+ Kh7 31. Ra7 Bxe5 32. Kh1 Nc2 33. Ne4
Nxb4 34. a3 Nc2 35. Rxb7 Nxa3 36. Rxe7 Bd4 37. Rxf7+ Kg6 38. Rf8 Nc2 39. Kg2
Nb4 40. f4 Nd5 41. Kf3 h4 42. f5+ Kg7 43. Rd8 h3 44. Rd7+ Kf8 45. Rh7 Nf6 46.
Nxf6 Bxf6 47. Rh6 c5 48. Ke4 Kf7 49. Rh7+ Bg7 50. Kd5 Kg8 51. Rh5 Bf8 52. Ke6
c4 53. Rh4 1-0

[Event "Tradewise Gibraltar Master 2015"]
[Site "Gibraltar ENG"]
[Date "2015.02.02"]
[Round "7.38"]
[White "Grandelius, Nils"]
[Black "Houska, Jovanka"]
[Result "1-0"]
[WhiteElo "2602"]
[BlackElo "2388"]
[PlyCount "63"]
[EventDate "2015.01.27"]
[EventType "swiss"]
[EventRounds "10"]
[EventCountry "ENG"]
[Source "lmi"]
[SourceDate "2015.01.27"]

1. Nf3 d5 2. g3 c6 3. Bg2 Bg4 4. c4 e6 5. cxd5 Bxf3 6. Bxf3 cxd5 7. O-O Nf6 8.
d4 Nc6 9. e3 Be7 10. Nc3 Rc8 11. Bd2 O-O 12. Qe2 a6 13. Rfd1 Nd7 14. Be1 Nb6
15. Rac1 f5 16. Bg2 Bf6 17. Qc2 Rf7 18. Qb1 Rfc7 19. Ne2 Qe7 20. Nf4 Nc4 21.
Nxd5 exd5 22. Bxd5+ Kh8 23. Rxc4 f4 24. gxf4 g5 25. f5 Qe8 26. Qe4 Qh5 27. Rdc1
Re8 28. Qg2 Rce7 29. Bxc6 bxc6 30. Rxc6 Bxd4 31. f6 Re4 32. Rc8 1-0

[Event "Tradewise Gibraltar Master 2015"]
[Site "Gibraltar ENG"]
[Date "2015.02.02"]
[Round "7.39"]
[White "Bartel, Marta"]
[Black "Mikhalevski, Victor"]
[Result "0-1"]
[WhiteElo "2347"]
[BlackElo "2571"]
[PlyCount "152"]
[EventDate "2015.01.27"]
[EventType "swiss"]
[EventRounds "10"]
[EventCountry "ENG"]
[Source "lmi"]
[SourceDate "2015.01.27"]

1. d4 Nf6 2. Nf3 g6 3. c4 Bg7 4. Nc3 d5 5. cxd5 Nxd5 6. e4 Nxc3 7. bxc3 c5 8.
Rb1 cxd4 9. cxd4 Qa5+ 10. Bd2 Qxa2 11. Be2 O-O 12. O-O b6 13. Qc1 Qe6 14. Bc4
Qxe4 15. Bxf7+ Rxf7 16. Qxc8+ Rf8 17. Qc4+ e6 18. Rb5 Qc6 19. Qb3 Na6 20. Ne5
Qe8 21. Rc1 Rc8 22. Rxc8 Qxc8 23. Qa2 Rd8 24. h4 Rxd4 25. Nf3 Rg4 26. h5 Nc5
27. Qxa7 Qc6 28. Bc3 Bf8 29. hxg6 hxg6 30. Qf7+ Kxf7 31. Ne5+ Ke8 32. Nxc6 Rc4
33. Bh8 Nd7 34. Nd4 Kf7 35. Nf3 Bc5 36. Rb2 Ke7 37. g3 Nf6 38. Bxf6+ Kxf6 39.
Kg2 Rc3 40. Nd2 Ke5 41. Nf3+ Kf5 42. Nh4+ Kf6 43. Nf3 Rc4 44. Kf1 g5 45. Nd2
Ra4 46. Ke2 Kf5 47. Nf1 Ke4 48. Rc2 g4 49. Nd2+ Kd5 50. Nb3 Bb4 51. Nc1 Ra3 52.
Nd3 Bc3 53. Nf4+ Kd6 54. Kd3 Be5+ 55. Ke4 Ra4+ 56. Ke3 Bd4+ 57. Kd3 Bc5 58. Re2
e5 59. Ng2 Kd5 60. Rb2 Ra3+ 61. Ke2 Bd4 62. Rd2 Ke4 63. Ne1 Bc3 64. Rc2 Bxe1
65. Kxe1 Kf3 66. Rb2 Ra1+ 67. Kd2 Kxf2 68. Rxb6 Kxg3 69. Ke2 Kg2 70. Rb5 g3 71.
Rxe5 Rf1 72. Rh5 Rf8 73. Re5 Kg1 74. Re7 g2 75. Rh7 Re8+ 76. Kd2 Re5 0-1

[Event "Tradewise Gibraltar Master 2015"]
[Site "Gibraltar ENG"]
[Date "2015.02.02"]
[Round "7.40"]
[White "Sengupta, Deep"]
[Black "Bellon Lopez, Juan Manuel"]
[Result "1-0"]
[WhiteElo "2569"]
[BlackElo "2370"]
[PlyCount "61"]
[EventDate "2015.01.27"]
[EventType "swiss"]
[EventRounds "10"]
[EventCountry "ENG"]
[Source "lmi"]
[SourceDate "2015.01.27"]

1. e4 c5 2. Nf3 Nc6 3. Bb5 Qb6 4. Nc3 e6 5. Bxc6 bxc6 6. d3 d6 7. O-O e5 8. h3
Be7 9. Rb1 Nf6 10. Be3 Qa6 11. Nd2 O-O 12. f4 exf4 13. Bxf4 d5 14. Bg5 Qb7 15.
Qe1 h6 16. Bxf6 Bxf6 17. Rxf6 gxf6 18. Qf2 Kh7 19. Nb3 Rg8 20. Kh1 d4 21. Ne2
Qe7 22. Rf1 Rg6 23. Nf4 Rg5 24. Nd2 f5 25. Nf3 fxe4 26. dxe4 Ba6 27. Nxg5+ hxg5
28. Nd3 Kg7 29. Qg3 Qxe4 30. Qxg5+ Qg6 31. Rxf7+ 1-0

[Event "Tradewise Gibraltar Master 2015"]
[Site "Gibraltar ENG"]
[Date "2015.02.02"]
[Round "7.41"]
[White "Boruchovsky, Avital"]
[Black "Holm, Kristian Stuvik"]
[Result "1/2-1/2"]
[WhiteElo "2517"]
[BlackElo "2330"]
[PlyCount "55"]
[EventDate "2015.01.27"]
[EventType "swiss"]
[EventRounds "10"]
[EventCountry "ENG"]
[Source "lmi"]
[SourceDate "2015.01.27"]

1. d4 Nf6 2. Bg5 e6 3. e4 h6 4. Bxf6 Qxf6 5. c3 d5 6. e5 Qd8 7. Bd3 c5 8. Ne2
Nc6 9. O-O Qb6 10. Nd2 cxd4 11. cxd4 Nxd4 12. Nxd4 Qxd4 13. Bb5+ Bd7 14. Bxd7+
Kxd7 15. Rc1 Be7 16. Qe2 Rhc8 17. Nb3 Qb4 18. Rcd1 Ke8 19. f4 g6 20. Kh1 Rc4
21. Qf3 Qb6 22. Qh3 h5 23. f5 Rh4 24. Qg3 Rg4 25. Qf3 Rh4 26. Qg3 Rg4 27. Qh3
Rh4 28. Qg3 1/2-1/2

[Event "Tradewise Gibraltar Master 2015"]
[Site "Gibraltar ENG"]
[Date "2015.02.02"]
[Round "7.43"]
[White "Harika, Dronavalli"]
[Black "Plotkin, Victor"]
[Result "1-0"]
[WhiteElo "2496"]
[BlackElo "2306"]
[PlyCount "123"]
[EventDate "2015.01.27"]
[EventType "swiss"]
[EventRounds "10"]
[EventCountry "ENG"]
[Source "lmi"]
[SourceDate "2015.01.27"]

1. c4 Nf6 2. Nc3 c5 3. g3 Nc6 4. Bg2 g6 5. e3 Bg7 6. Nge2 O-O 7. O-O d6 8. b3
Bf5 9. d4 cxd4 10. Nxd4 Bg4 11. Qd2 Qd7 12. Re1 Rfd8 13. Bb2 Rac8 14. Rac1 h5
15. e4 Bh3 16. Nf3 Bxg2 17. Kxg2 Ng4 18. Rcd1 Nge5 19. Nxe5 Bxe5 20. f4 Bg7 21.
Nd5 Bxb2 22. Qxb2 Qe6 23. Re2 Kh7 24. Rf1 Rg8 25. Qd2 f6 26. Qd3 Qf7 27. e5
dxe5 28. fxe5 f5 29. Qe3 Rcd8 30. Nf4 e6 31. Nh3 Kg7 32. Ng5 Qe7 33. Rff2 Rd7
34. Rd2 Rgd8 35. Rxd7 Qxd7 36. h4 Kg8 37. Nf3 Kg7 38. Rd2 Qe7 39. Rf2 Rd7 40.
Kh3 Rd1 41. Rd2 Rxd2 42. Qxd2 Nd8 43. Ng5 Nf7 44. Nxf7 Qxf7 45. c5 Qe8 46. b4
Qb5 47. Kh2 Kh7 48. a3 Kg7 49. Kg1 Kh7 50. Kf2 a5 51. Qe2 Qa4 52. Qb2 Qc6 53.
Qc3 a4 54. Qd3 Qh1 55. Qf3 Qa1 56. Qxb7+ Kh6 57. Qf3 g5 58. Qe3 f4 59. hxg5+
Kxg5 60. Qxf4+ Kg6 61. Qf6+ Kh7 62. Qf7+ 1-0

[Event "Tradewise Gibraltar Master 2015"]
[Site "Gibraltar ENG"]
[Date "2015.02.02"]
[Round "7.44"]
[White "Bellin, Robert"]
[Black "Georgiadis, Nico"]
[Result "1-0"]
[WhiteElo "2338"]
[BlackElo "2490"]
[PlyCount "65"]
[EventDate "2015.01.27"]
[EventType "swiss"]
[EventRounds "10"]
[EventCountry "ENG"]
[Source "lmi"]
[SourceDate "2015.01.27"]

1. e4 c5 2. Nf3 g6 3. h4 h5 4. d4 cxd4 5. Bc4 Bg7 6. c3 d3 7. Qb3 e6 8. Bf4 Nf6
9. Bxd3 d5 10. Nbd2 O-O 11. Rd1 Nc6 12. O-O b6 13. Qa3 Qd7 14. Rfe1 Bb7 15. Bc2
Rfd8 16. Bg5 Qc7 17. c4 d4 18. e5 Ng4 19. Bxd8 Rxd8 20. Be4 Ncxe5 21. Qxa7 Nc6
22. Bxc6 Qxc6 23. c5 bxc5 24. Nb3 Ba8 25. Qxc5 Qb7 26. Nbxd4 Rc8 27. Qa3 Qb8
28. Qb3 Qc7 29. Nxe6 fxe6 30. Qxe6+ Kh8 31. Rd7 Qc2 32. Qe8+ Kh7 33. Qf7 1-0

[Event "Tradewise Gibraltar Master 2015"]
[Site "Gibraltar ENG"]
[Date "2015.02.02"]
[Round "7.45"]
[White "Povah, Nigel E"]
[Black "Tari, Aryan"]
[Result "0-1"]
[WhiteElo "2324"]
[BlackElo "2487"]
[PlyCount "70"]
[EventDate "2015.01.27"]
[EventType "swiss"]
[EventRounds "10"]
[EventCountry "ENG"]
[Source "lmi"]
[SourceDate "2015.01.27"]

1. d4 Nf6 2. Bg5 e6 3. e4 h6 4. Bxf6 Qxf6 5. c3 d6 6. Bd3 Nc6 7. Ne2 Bd7 8. O-O
O-O-O 9. f4 g5 10. f5 exf5 11. exf5 h5 12. b4 d5 13. b5 Na5 14. Nd2 Kb8 15. Qa4
Qe7 16. Qc2 Bg7 17. Rae1 Qd6 18. Nc1 Rhe8 19. Rd1 g4 20. Ncb3 Nxb3 21. axb3 Qb6
22. b4 Bxb5 23. Nb3 Ba4 24. Ra1 Bxb3 25. Qxb3 Re3 26. Rfd1 c6 27. Qc2 g3 28.
hxg3 Rxg3 29. Kf2 h4 30. Qd2 Bxd4+ 31. cxd4 Qxd4+ 32. Kf1 h3 33. Qf2 hxg2+ 34.
Kg1 Qxf2+ 35. Kxf2 g1=Q+ 0-1

[Event "Tradewise Gibraltar Master 2015"]
[Site "Gibraltar ENG"]
[Date "2015.02.02"]
[Round "7.46"]
[White "Sorm, Daniel"]
[Black "Smith, Axel"]
[Result "1/2-1/2"]
[WhiteElo "2319"]
[BlackElo "2483"]
[PlyCount "84"]
[EventDate "2015.01.27"]
[EventType "swiss"]
[EventRounds "10"]
[EventCountry "ENG"]
[Source "lmi"]
[SourceDate "2015.01.27"]

1. d4 e6 2. e4 d5 3. e5 c5 4. c3 Nc6 5. Nf3 Bd7 6. a3 Rc8 7. b4 cxd4 8. cxd4
Nh6 9. Bd3 Qb6 10. Be3 Be7 11. Nbd2 Nf5 12. Nb3 a5 13. Bxf5 exf5 14. Nc5 axb4
15. O-O Be6 16. axb4 O-O 17. Bd2 Ra8 18. Qe2 Rfb8 19. Qd3 h6 20. Rfc1 Rc8 21.
h3 Kh7 22. Kf1 Kh8 23. Kg1 Kh7 24. Kf1 Rxa1 25. Rxa1 Bd8 26. b5 Nxd4 27. Nxd4
Rxc5 28. Ba5 Qa7 29. Nb3 Bxa5 30. Nxc5 Qxc5 31. Rxa5 Qc1+ 32. Ke2 Qb2+ 33. Qd2
Qxe5+ 34. Kf1 Qh2 35. f4 Qh1+ 36. Kf2 Qb1 37. Qe1 Qb2+ 38. Kg1 b6 39. Qa1 Qb4
40. Ra4 Qxb5 41. Qd4 Qc5 42. Kh2 Qxd4 1/2-1/2

[Event "Tradewise Gibraltar Master 2015"]
[Site "Gibraltar ENG"]
[Date "2015.02.02"]
[Round "7.47"]
[White "Walton, Alan J"]
[Black "Zhukova, Natalia"]
[Result "1/2-1/2"]
[WhiteElo "2129"]
[BlackElo "2482"]
[PlyCount "81"]
[EventDate "2015.01.27"]
[EventType "swiss"]
[EventRounds "10"]
[EventCountry "ENG"]
[Source "lmi"]
[SourceDate "2015.01.27"]

1. d4 d5 2. c4 e6 3. Nc3 Bb4 4. a3 Bxc3+ 5. bxc3 Nf6 6. e3 O-O 7. cxd5 exd5 8.
Bd3 b6 9. Ne2 Ba6 10. Bxa6 Nxa6 11. Qd3 Nb8 12. Ng3 c5 13. O-O Nc6 14. f3 Re8
15. Ra2 c4 16. Qb1 h5 17. Re2 g6 18. e4 h4 19. Nh1 Nh5 20. Nf2 Kg7 21. Nh3 f6
22. Rfe1 Qd7 23. Qa2 b5 24. Qd2 Rh8 25. exd5 Qxd5 26. Nf4 Qf5 27. Re6 Nxf4 28.
Qxf4 Qxf4 29. Bxf4 Nd8 30. Rxf6 Kxf6 31. Be5+ Kf7 32. Bxh8 Nc6 33. Be5 Ne7 34.
Bf4 Nd5 35. Bd2 a5 36. Re5 Rd8 37. g3 hxg3 38. hxg3 b4 39. cxb4 c3 40. Bxc3
Nxc3 41. Rxa5 1/2-1/2